Una aportacion a la didáctica de la historia : la ensenanza-aprendizaje de habilidades cognitivas en el bachillerato (Record no. 78533)

MARC details
000 -CABECERA
campo de control de longitud fija 00650nam a2200205 a 4500
005 - FECHA Y HORA DE LA ÚLTIMA TRANSACCIÓN
campo de control 20250918064111.0
008 - ELEMENTOS DE LONGITUD FIJA--INFORMACIÓN GENERAL
campo de control de longitud fija 991125n 000 0 spa u
035 ## - NÚMERO DE CONTROL DEL SISTEMA
Número de control de sistema UPN01000103194
100 1# - ASIENTO PRINCIPAL--NOMBRE PERSONAL
Nombre de persona Díaz Barriga, Frida,
Fechas asociadas al nombre 1955-
9 (RLIN) 30592
222 ## - TÍTULO CLAVE
Título clave PERFILES EDUCATIVOS
245 ## - MENCIÓN DE TÍTULO
Título Una aportacion a la didáctica de la historia : la ensenanza-aprendizaje de habilidades cognitivas en el bachillerato
260 ## - PUBLICACIÓN, DISTRIBUCIÓN, ETC.
Lugar de publicación, distribución, etc. México
300 ## - DESCRIPCIÓN FÍSICA
Extensión 40-66
362 0# - FECHAS DE PUBLICACIÓN Y/O DESIGNACIÓN SECUENCIAL
Fecha de publicación y/o designación secuencial 1998, 3a época, vol. 20, no. 82
653 0# - TERMINO DE INDIZACION - NO CONTROLADO
Término no controlado EDUCACION MEDIA SUPERIOR
653 0# - TERMINO DE INDIZACION - NO CONTROLADO
Término no controlado HISTORIA
653 0# - TERMINO DE INDIZACION - NO CONTROLADO
Término no controlado PROCESO ENSEÑANZA-APRENDIZAJE
904 ## - ELEMENTOS DE DATOS D LOCAL, LDD (RLIN)
a AC
b 041005
905 ## - TIPO DE MATERIAL
Tipo de material Articulo

No items available.